|
|
|
|
| LEADER |
00000naa2a2200000 4500 |
| 001 |
180298 |
| 005 |
20231031170727.0 |
| 035 |
|
|
|a (RuTPU)RU\TPU\book\195449
|
| 035 |
|
|
|a RU\TPU\book\164811
|
| 090 |
|
|
|a 180298
|
| 100 |
|
|
|a 20100513d1974 k y0rusy50 ca
|
| 101 |
0 |
|
|a rus
|
| 102 |
|
|
|a RU
|
| 200 |
1 |
|
|a Геолого-геохимические особенности метасоматически измененных гранитоидов на примере кундустульского массива ( северная часть Кузнецкого Алатау )
|f В. А. Домаренко, Л. П. Рихванов, Ю. А. Фомин
|
| 461 |
|
1 |
|0 (RuTPU)RU\TPU\book\98026
|t Геология и полезные ископаемые Сибири
|o материалы конференции
|f Томский государственный университет
|d 1974
|
| 463 |
|
1 |
|0 (RuTPU)RU\TPU\book\139242
|t Т. II.: Петрология
|f под ред. В. А. Врублевского
|v С. 25-26
|d 1974
|p 119 с.
|
| 610 |
1 |
|
|a труды учёных ТПУ
|
| 700 |
|
1 |
|a Домаренко
|b В. А.
|c российский геохимик
|c доцент Томского политехнического университета
|g Виктор Алексеевич
|2 stltpush
|3 (RuTPU)RU\TPU\pers\26058
|
| 701 |
|
1 |
|a Рихванов
|b Л. П.
|c российский ученый, геолог
|c профессор Томского политехнического университета, доктор геолого-минералогических наук
|c заслуженный геолог РФ
|c почетный работник высшего образования РФ
|f 1945-
|g Леонид Петрович
|2 stltpush
|3 (RuTPU)RU\TPU\pers\23187
|
| 701 |
|
1 |
|a Фомин
|b Ю. А.
|
| 801 |
|
1 |
|a RU
|b 63413507
|c 20080228
|g PSBO
|
| 801 |
|
2 |
|a RU
|b 63413507
|c 20100514
|g PSBO
|
| 942 |
|
|
|c BK
|